000
00319nam a22001337a 4500
008
180921b xxu||||| |||| 00| 0 eng d
020
_a
9781418050115
041
_a
eng
080
_2
4 ed
_a
341
100
_a
14
101
_a
SHJ
245
_a
Paralegal Today The Legal Team At Work
_c
Miller.r.l
942
_2
udc
_c
BK
999
_c
48184
_d
48184